000 01015cam a22003257a 4500
999 _c522624
_d522624
001 17078593
003 NUST
005 20181213063554.0
008 111003s2011 enk 000 f eng d
010 _a 2011535381
016 7 _a015794776
_2Uk
020 _a9781408816035
020 _a1408816032
035 _a(OCoLC)ocn740635377
038 _awaseem
040 _aBTCTA
_beng
_cBTCTA
_dNLE
_dYDXCP
_dUKMGB
_dCDX
_dCLU
_dZCU
_dDLC
042 _alccopycat
050 0 0 _aPS3613.I5445
_bS65 2011
082 0 4 _a813.6
_bMIL
100 1 _aMiller, Madeline.
_912678
245 1 4 _aThe song of Achilles /
_cMadeline Miller.
260 _aLondon ;
_aNew York :
_bBloomsbury,
_c2011.
300 _a352 p. ;
_c24 cm.
600 0 0 _aAchilles
_c(Mythological character)
_vFiction.
_912679
650 0 _aMale friendship
_vFiction.
_93703
650 0 _aTrojan War
_vFiction.
_912680
906 _a7
_bcbc
_ccopycat
_d2
_encip
_f20
_gy-gencatlg
942 _2ddc
_cBK